000 00656nam a2200277Ia 4500
005 20260324115905.0
008 008 260324s9999 xx 000 0 eng d
020 _a9781315370446
037 _aEBOOK
040 _aCRL
040 _beng
040 _cCRL
041 _2eng
041 _aeng
084 _qCRL
100 _aStefano Marsili-Libelli
_91156407
245 0 _aEnvironmental Systems Analysis with MATLABĀ®
260 _bTaylor and Francis
260 _c2016
365 _a
365 _b400
856 _uhttp://www.taylorfrancis.com/books/9781315370446
942 _cEBOOK
999 _c1747618
_d1747618